Central Library OPAC University of Rajshahi

Teaching the spoken language : (Record no. 7640)

MARC details
000 -LEADER
fixed length control field 01307pam a2200349 a 4500
001 - CONTROL NUMBER
control field 7640
003 - CONTROL NUMBER IDENTIFIER
rucl marc code BD-RjUL
005 - DATE AND TIME OF LATEST TRANSACTION
control field 20211208234441.0
008 - FIXED-LENGTH DATA ELEMENTS--GENERAL INFORMATION
fixed length control field 140115r19991983enka b 001 0 eng d
020 ## - INTERNATIONAL STANDARD BOOK NUMBER
International Standard Book Number 0521253772
International Standard Book Number 0521273846 (pbk.)
International Standard Book Number 0521253780 (cassette)
035 ## - SYSTEM CONTROL NUMBER
System control number (BD-RjUL)7684
040 ## - CATALOGING SOURCE
Original cataloging agency DLC
Transcribing agency DLC
Modifying agency DLC
-- BD-RjUL
Language of cataloging eng
041 ## - LANGUAGE CODE
Language code of text/sound track or separate title eng
082 00 - DEWEY DECIMAL CLASSIFICATION NUMBER
Classification number 428.34
Edition number 19
Author mark and year BRT 1999
100 1# - MAIN ENTRY--PERSONAL NAME
Personal name Brown, Gillian.
9 (RLIN) 23825
245 10 - TITLE STATEMENT
Title Teaching the spoken language :
Remainder of title an approach based on the analysis of conversational English /
Statement of responsibility, etc. by Gillian Brown and George Yule.
260 ## - PUBLICATION, DISTRIBUTION, ETC. (IMPRINT)
Place of publication, distribution, etc. Cambridge ;
-- New York :
Name of publisher, distributor, etc. Cambridge University Press,
Date of publication, distribution, etc. 1983 [reprinted 1999].
300 ## - PHYSICAL DESCRIPTION
Pagination xi, 162 p. :
Illustrations ill. ;
Size 24 cm.
504 ## - BIBLIOGRAPHY, ETC. NOTE
Bibliography, etc Includes index.
Bibliography, etc Bibliography: p. 160-161.
650 #0 - SUBJECT ADDED ENTRY--TOPICAL TERM
Topical term or geographic name as entry element English language
General subdivision Study and teaching
-- Foreign speakers.
9 (RLIN) 23827
Topical term or geographic name as entry element English language
General subdivision Spoken English.
9 (RLIN) 23828
700 1# - ADDED ENTRY--PERSONAL NAME
Personal name Yule, George,
Dates associated with a name 1947-
856 42 - ELECTRONIC LOCATION AND ACCESS
Materials specified Publisher description
Uniform Resource Identifier <a href="http://www.loc.gov/catdir/description/cam022/83015349.html">http://www.loc.gov/catdir/description/cam022/83015349.html</a>
Materials specified Table of contents
Uniform Resource Identifier <a href="http://www.loc.gov/catdir/toc/cam029/83015349.html">http://www.loc.gov/catdir/toc/cam029/83015349.html</a>
942 ## - ADDED ENTRY ELEMENTS (KOHA)
Source of classification or shelving scheme Dewey Decimal Classification
Koha item type Books
Holdings
Lost status Source of classification or shelving scheme Damaged status Not for loan Collection code Permanent Location Current Location Shelving location Date acquired Source of acquisition Cost, normal purchase price Total Checkouts Full call number Date last seen Copy number Koha item type
  Dewey Decimal Classification   Not For Loan Non-fiction Central Library, University of Rajshahi Central Library, University of Rajshahi   31/07/2000 Karim International 816.00   428.34 BRT 1999 15/01/2014 C-1 Books